000 01087nas a2200349 4500
001 BR2014007014
003 BR-BrBNA
005 20231205124711.0
007 ta
008 230509b bl.|||p| |||| 00| 00por d
040 _aBR-BrBNA
_bpor
_cBiblioteca Nacional de Agricultura
041 _a(En)
072 _aQ02
100 1 _aAndrade, E.H.P.
100 1 _aSouza, M.R.
100 1 _aFonseca, L.M.
100 1 _aPenna, C.F.A.M.
100 1 _aCerqueira, M.M.O.P.
100 1 _aRoza, T.
100 1 _aSeridan, B.
100 1 _aResende, M.F.S.
100 1 _aPinto, F.A.
100 1 _aVillanoeva, C.N.B.C.
100 1 _aLeite, M.O.
245 1 _aDetection of cheese whey and caseinomacropeptide in fermented milk beverages using high performance liquid chromatography
650 _aSORO
650 _aFERMENTAÇÃO LÁTICA
650 _aARMAZENAMENTO
773 0 _tArquivo Brasileiro de Medicina Veterinária e Zootecnia (Brazil)
_xISSN 0102-0935
_g(Jun 2014), v. 66(3) p. 959-964
_wBR2014007014
909 _a202311
_bLúcia
_c55
_dLúcia Elande
942 _2AGRIS
_n0
_cANA
999 _c240453
_d240453